书目信息 |
| 题名: |
电厂水处理与化学监督
|
|
| 作者: | 戴广华 主编 | |
| 分册: | ||
| 出版信息: | 北京 中国电力出版社 1999 |
|
| 页数: | 127页 | |
| 开本: | 26cm | |
| 丛书名: | ||
| 单 册: | ||
| 中图分类: | TM621.8 | |
| 科图分类: | ||
| 主题词: | 热电厂--水处理--专业学校--教材 , 热电厂--电厂化学--专业学校--教材 | |
| 电子资源: | ||
| ISBN: | 7-5083-0114-5 | |
| 000 | 00767n|m0 2200253 450 | |
| 001 | 0102663990 | |
| 005 | 20121116170000.0 | |
| 010 | @a7-5083-0114-5@dCNY11.00 | |
| 011 | @a7-5083-0114-5 | |
| 100 | @a20021005d1999 em y0chiy0110 ea | |
| 101 | 0 | @achi |
| 102 | @aCN@b110000 | |
| 105 | @ay z 000yy | |
| 135 | @adrbn ---auuuu | |
| 200 | 1 | @a电厂水处理与化学监督@9Dian Chang;An Shui Chu Li Yu Hua Xue Jian Du @f戴广华主编@b电子资源.图书 |
| 210 | @a北京@c中国电力出版社@d1999 | |
| 215 | @a127页@d26cm | |
| 325 | @a电子复制品 | |
| 606 | 0 | @a热电厂@x水处理@x专业学校@x教材 |
| 606 | 0 | @a热电厂@x电厂化学@x专业学校@x教材 |
| 690 | @aTM621.8@v4 | |
| 701 | 0 | @a戴广华@9dai guang hua@4主编 |
| 801 | 0 | @aCN@bAZmarc@c20230904 |
| 905 | @dTM621.8@e2@f5@sTM621.8/2@aBZT | |
| 电厂水处理与化学监督/戴广华主编[电子资源.图书].-北京:中国电力出版社,1999 |
| 127页;26cm |
| ISBN 7-5083-0114-5:CNY11.00 |
| ● |
| 相关链接 |
|
|
|
正题名:电厂水处理与化学监督
索取号:TM621.8/2
 
预约/预借
| 序号 | 登录号 | 条形码 | 馆藏地/架位号 | 状态 | 备注 |
| 1 | 2000006867 | 2000006867 | 旧书回溯/ [索取号:TM621.8/2] | 在馆 | |
| 2 | 2000018415 | 2000018415 | 旧书回溯/ [索取号:TM621.8/2] | 在馆 | |
| 3 | 2000052167 | 2000052167 | 旧书回溯/ [索取号:TM621.8/2] | 在馆 | |
| 4 | 2000070787 | 2000070787 | 旧书回溯/ [索取号:TM621.8/2] | 在馆 | |
| 5 | 2000070788 | 2000070788 | 旧书回溯/ [索取号:TM621.8/2] | 在馆 |